LEADER 00654nam a2200193 i 4500 001 000000241746 003 CaOOAMICUS 005 20150514000000.0 008 150514s1837 it u000 u ita u 013 $a220651 040 $aSeMil$bita 245 10$aTomo 2. 300 $a439 p. 773 0 $aCarron, Guy Toussaint Julien <1760-1821>$tPensieri ecclesiastici per tutti i giorni dell'anno.$dMilano : Pirotta e C., 1837-1838.$g2$w()31875 850 $aSeMil 852 $aSeMil$W1$xVenegono$y1$m3F I 223 FA$j192092$B192092$CSeMilBibl$Z2$F202896 $8I 941 1 $a10 961 $aRecupero: Mantegazza 996 $6245$aTomo 2$9(OLS)http://semarc/title/49331 LEADER 01298nam a2200253 i 4500 001 000000027830 003 CaOOAMICUS 005 20251202081844.0 008 180830s1792 fr u000 u fre u 040 $aSeMil$bita 100 1 $aHolbach, Paul Henri : Dietrich,$c.$0(OLS)http://semarc/name/3228 245 13$aLa morale universelle ou Les devoirs de l'homme fondés sur sa nature. Théorie de la morale. Tome 1. [-3.]. 264 1$aA Tours :$bChez Letourmy, le jeune, et Compagnie ;$aA Angers :$bDe l'Imprimerie de Jahyer et Geslin,$c1792. 300 $a3 v. ;$c8°. 650 4$aEtica e morale.$0(OLS)http://semarc/subject/612 700 1 $aLetourmy,$c.$0(OLS)http://semarc/name/12666 710 2 $aJahier & Geslin$c.$0(OLS)http://semarc/name/12665 774 0 $tTome 1.$g1$w()51903 774 0 $tTome 2.$g2$w()217692 774 0 $tTome 3.$g3$w()217691 996 $6245$aLa morale universelle ou Les devoirs de l'homme fondés sur sa nature. Théorie de la morale. Tome 1. [-3.]$9(OLS)http://semarc/title/37705 996 $6264$aA Tours :$bChez Letourmy, le jeune, et Compagnie$9(OLS)http://semarc/publisher/37478 996 $6264$aA Angers :$bDe l'Imprimerie de Jahyer et Geslin$9(OLS)http://semarc/publisher/37479